000 00521nam a2200193Ia 4500
999 _c11461
_d11461
003 OSt
005 20200120125735.0
008 190216s9999||||xx |||||||||||||| ||und||
020 _a9789385401350
040 _coclc
082 _a339
_bAHU/M
100 _aAhuja, H L
_9470
245 0 _aMacroeconomics Theory And Policy /
_cH L Ahuja
250 _a20th ed.
260 _bS Chand & Co,
_c2015.
_aNew Delhi:
300 _a936p
650 _aEcnomics
942 _cBK
_2ddc
_h339
_iAHU/M
_k339
_mAHU/M